Every Major City in Mexico - Statistics

General Stats
  • This quiz has been taken 14 times
    8 since last reset
  • The average score is 12 of 20
Answer Stats
Answer % Correct
Mexico City
100%
Cancún
86%
Chihuahua
86%
Ciudad Juarez
86%
Monterrey
86%
Guadalajara
71%
Merida
71%
Oaxaca
71%
Tijuana
71%
Mexicali
57%
Veracruz
57%
Aguascalientes
43%
Hermosillo
43%
La Paz
43%
Leon
43%
Puebla
43%
San Luis Potosi
43%
Toluca
43%
Campeche
29%
Xalapa
14%
No matching quizzes found
Score Distribution
Percent of People with Each Score
Percentile by Number Answered
Your Score History
You have not taken this quiz since the last reset